Pro-tech-ma ´16 : proceedings of the extended abstracts of the International scientific conference on Progressive Technologies and Materials. Rzeszów-Bezmiechowa, Poland, 22.-24.6. 2016

Saved in:
Bibliographic Details
Corporate Author: International scientific conference on Progressive Technologies and Materials Rzeszów-Bezmiechowa, Poland
Format: Conference Proceeding Book
Published: Rzeszów Oficyna Wydawnicza Politechniki Rzeszowskiej 2016
Edition:1. vyd.
Tags: Add Tag
No Tags, Be the first to tag this record!

MARC

LEADER 00000nam a22000003a 4500
001 0016239
003 SK-STU
005 20160803101128.5
007 ta
008 160803s ----xo-----e------100-0-----d
020 |a 978-83-7934-088-0 
040 |a STU  |b slo 
044 |a pl 
111 2 |a International scientific conference on Progressive Technologies and Materials  |d 22.-24.6. 2016  |c Rzeszów-Bezmiechowa, Poland 
245 1 0 |a Pro-tech-ma ´16 :  |b proceedings of the extended abstracts of the International scientific conference on Progressive Technologies and Materials. Rzeszów-Bezmiechowa, Poland, 22.-24.6. 2016 
250 |a 1. vyd. 
260 |a Rzeszów  |b Oficyna Wydawnicza Politechniki Rzeszowskiej  |c 2016 
300 |a 155 s. 
996 |b 284M084550  |c M* Z-4349  |l MMKN  |s A  |a 24  |w 0016239_0001